ديوان ابن قزمان القرطبي (555 هـ. / 1160 م.) : (Record no. 8024)
[ view plain ]
| 000 -الفاتح | |
|---|---|
| حقل البيانات ثابتة الطول | 01331nac a22002891u 4500 |
| 003 - محدد رقم الضبط | |
| رقم الضبط | EG-ScBUE |
| 005 - وقت وتاريخ اخر تعامل مع التسجيلة | |
| رقم الضبط | 20200115135020.0 |
| 008 - عناصر البيانات ثابتة الطول - معلومات عامة | |
| حقل البيانات ثابتة الطول | 110720s1995 ua f 0001 p ara d |
| 020 ## - الرقم الدولى المعيارى للكتب | |
| الرقم الدولى المعيارى للكتاب | 977014262X |
| 040 ## - مصدر الفهرسة | |
| وكالة الفهرسة الأصلية | EG-ScBUE |
| لغة الفهرسة | ara |
| قواعد الوصف | rda |
| وكالة النسخ | EG-ScBUE |
| وكالة التعديل | EG-ScBUE |
| 082 04 - رقم تصنيف ديوى العشرى | |
| رقم التصنيف | 892.7134 |
| رقم المادة | ق ز م |
| رقم الطبعة | 22 |
| 100 1# - المدخل الرئيسى - إسم شخصى | |
| الإسم الشخصى | ابن قزمان، محمد بن عيسى، |
| التواريخ المصاحبة للاسم | ت. 555 هـ.، |
| الدور | مؤلف. |
| 9 (RLIN) | 26348 |
| 245 10 - بيان العنوان | |
| العنوان | ديوان ابن قزمان القرطبي (555 هـ. / 1160 م.) : |
| بقية العنوان | إصابة الأغراض في ذكر الأعراض / |
| بيان المسئوليه,etc | تحقيق وتصدير، فيديريكو كورينتي ؛ تقديم د. محمود علي مكي. |
| 264 #1 - النشر، التوزيع | |
| مكان الناشر او الموزع | القاهرة، جمهورية مصر العربية : |
| اسم الناشر او الموزع | المجلس الأعلى للثقافة، |
| تاريخ النشر أو التوزيع | 1995. |
| 300 ## - الوصف المادى | |
| التعداد | 497 صفحة ؛ |
| أبعاد الوعاء | 24 سم. |
| 336 ## - نوع المحتوى | |
| source | rdacontent |
| Carrier Type Term | نص |
| Content Type Code | txt |
| 337 ## - نوع الوسيط | |
| source | rdamedia |
| Media Type Term | بدون وسيط |
| Media Type Code | n |
| 338 ## - نوع الحامل أو الناقل | |
| source | rdacarrier |
| Carrier Type Term | مجلد |
| Carrier Type Code | nc |
| 490 0# - بيان السلسلة | |
| عنوان السلسلة | المكتبة العربية |
| 500 ## - تبصرة عامة | |
| تبصرة عامة | يشتمل على كشاف. |
| 650 #7 - المدخل الاضافى بالموضوع-مصطلح موضوعى | |
| مصطلح موضوعي أو اسم جغرافي كعنصر مدخل | الشعر العربي |
| التقسيم الفرعي العام | دواوين وقصائد. |
| مصدر الرأس أو المصطلح | BUEsh |
| 9 (RLIN) | 16154 |
| 653 ## - مصطلح تكشيفى غير مقيد | |
| Resource For college | Arabic Literature |
| Arrived date list | January2020 |
| 655 ## - مصطلح تكشيفى-نوع/شكل | |
| التقسيم الفرعي الشكلي | Reading book |
| 700 1# - المدخل الاضافى - اسم شخصى | |
| الإسم الشخصى | Corriente, F. |
| الشكل الأكمل للاسم | (Federico), |
| التواريخ المصاحبة للاسم | 1940- |
| الدور | محقق. |
| 9 (RLIN) | 26351 |
| 700 1# - المدخل الاضافى - اسم شخصى | |
| الإسم الشخصى | مكي، محمود علي، |
| الدور | مقدم. |
| 9 (RLIN) | 26352 |
| 942 ## - عناصر المدخل الإضافي( كوها) | |
| Koha [default] item type | Book - Borrowing |
| سابقة رقم الطلب | 892.7134 ق ز م |
| مصدر التصنيف او مخطط الترفيف | Dewey Decimal Classification |
| حالة التراجع | حالة الفقد | مصدر التصنيف او خطة الترفيف | حالة تلف | ليس للاعارة | مجموعات كوها | المكان الدائم | المكان الحالي | موقع الترفيف | تاريخ الاكتساب | Source of acquisition | رقم الاستدعاء | الباركود | Date last seen | نوع الوعاء |
|---|---|---|---|---|---|---|---|---|---|---|---|---|---|---|
| Dewey Decimal Classification | Alef-Baa | Central Library | Central Library | Second Floor | 07/05/2008 | Purchase | 892.7134 ق ز م | 000009813 | 15/07/2025 | Book - Borrowing |